000 00378nam a22001337a 4500
005 20260430113759.0
008 260430b |||||||| |||| 00| 0 eng d
020 _a0844280992
020 _a9780844280998
050 _aPR1309
_b.H6 CLA
245 _aClassic Horror
_cNational Textbook Company
260 _aIllinois
_bNTC/ Contemporary Publishing Company
_c2001
942 _2lcc
_cBK
_n0
999 _c9721
_d9721